| 000 | 00727nam a2200265Ia 4500 | ||
|---|---|---|---|
| 003 | OSt | ||
| 005 | 20221006151851.0 | ||
| 006 | a|||||r|||| 00| 0 | ||
| 007 | ta | ||
| 008 | 221006b |||||||| |||| 00| 0 eng d | ||
| 020 |
_a3598106106 _c2958.00 (each) |
||
| 024 | _a23,752 | ||
| 037 | _cTextual | ||
| 040 |
_aEASL _cEASL _beng |
||
| 041 |
_2eng _aeng |
||
| 082 | _aw41,N8, M7 | ||
| 100 |
_aBartke Wolfgang _9110015 |
||
| 245 | 0 | _aWho's who in the People's Republic of China with more than 1,000 portraits | |
| 260 |
_aMunchen _bK. G. Saur _c1987 |
||
| 300 |
_a786p. _ccm. |
||
| 490 | _vV.1 A - O | ||
| 650 | _aCEL | ||
| 942 |
_hw41,N8, M7 _cTEXL _2CC |
||
| 999 |
_c1091838 _d1091838 |
||